Lanean...

Theory Culture & Society

Xehetasun bibliografikoak
Formatua: Periodicals
Argitaratua: New Delhi: Sage, 2017.
LEADER 00246nam a2200085 4500
999 |c 144710  |d 144710 
245 |a Theory Culture & Society 
260 |a New Delhi:  |b Sage,  |c 2017. 
942 |c BK 
952 |0 0  |1 0  |4 0  |7 0  |9 102527  |a SSUS  |b SSUS  |d 2020-03-17  |r 2020-03-17  |w 2020-03-17  |y PER